Name That Character V Quiz Stats

 Plays Quiz not verified by Sporcle

Score 0/118 Timer 20:00
0 Plays Today
% Correct
JADEN YUKI
60%
ALEXIS RHODES
40%
CHAZZ PRINCETON
40%
ZANE TRUESDALE
40%
SYRUS TRUESDALE
40%
ASTER PHOENIX
40%
JESSE ANDERSEN
40%
BASTION MISAWA
40%
TYRANNO HASSELEBERRY
40%
VELLIAN CROWLER
40%
SARTORIUS
40%
JIM CROCODILE COOK
40%
AUSTIN O´BRIEN
40%
ALVIN
40%
SIMON
40%
THEODORE
40%
RATCHET
40%
CLANK
40%
KRATOS
40%
NARUTO UZUMAKI
40%
L
40%
LIGHT YAGAMI
40%
GAARA
40%
SHIRYU
40%
HYOGA
40%
SHUN
40%
IKKI
40%
MU
40%
SAGA
40%
SHAKA
40%
KIKI
40%
MARIN
40%
CHUMLEY HUFFINGTON
20%
NICK WILDE
20%
JUDY HOPPS
20%
CHASE MCCAIN
20%
DANTE
20%
NATHAN DRAKE
20%
SAM DRAKE
20%
VICTOR SULLIVAN
20%
% Correct
ELENA FISHER
20%
RAFE ADLER
20%
NADINE ROSS
20%
ICHIGO KUROSAKI
20%
COMET
20%
HAM III
20%
MILO THATCH
20%
SEIYA
20%
ALDEBARAN
20%
MÁSCARA DA MORTE
20%
AIORIA
20%
DOHKO
20%
AIOLOS
20%
SHURA
20%
KAMUS
20%
AFRODITE
20%
MIRO
20%
KYO KUSANAGI
20%
IORI YAGAMI
20%
KIM KAPHWAN
20%
RUGAL
20%
GOENITZ
20%
IGNIZ
20%
JOEL
20%
ELLIE
20%
TAICHI KAMIYA
20%
TAKERU TAKAISHI
20%
MATT
20%
SORA
20%
MIMI
20%
IZZY
20%
JOE
20%
KARI
20%
DAVIS
20%
YOLEI
20%
CODY
20%
KEN
20%
TAKATO
20%
HENRY
20%
RUKI
20%
% Correct
TAKUYA
20%
MARCUS DAMON
20%
KEENAN
20%
MIKEY KUDO
20%
SHINA
20%
MISTY
20%
BABEL
20%
CAPELLA
20%
JAMIAN
20%
ASTERION
20%
MOUSES
20%
ALGOL
20%
DIO
20%
SIRIUS
20%
ALGETHI
20%
SHIVA
20%
ÁGORA
20%
ALBION
20%
ARACNE
20%
TREMY
20%
ORFEU
20%
THOR
20%
FENRIR
20%
HAGEN
20%
MIME
20%
ALBERICH
20%
SHIDO
20%
BADO
20%
SIEGFRIED
20%
THETIS
20%
BIAN
20%
IO
20%
KRISHNA
20%
KASA
20%
ISAAK
20%
SORENTO
20%
KANON
20%
RUKIA KUCHIKI
20%

You're not logged in!

Compare scores with friends on all Sporcle quizzes.
OR
Log In

Sporcle TV

Today on Sporcle TV


Watch our educational content, quiz creation guides, and fun videos on Sporcle TV.

Show Comments

Extras

Created Sep 19, 2017ReportNominate
Tags:character

Top Quizzes Today


Score Distribution

Your Account Isn't Verified!

In order to create a playlist on Sporcle, you need to verify the email address you used during registration. Go to your Sporcle Settings to finish the process.

Report this User

Report this user for behavior that violates our Community Guidelines.

Details: